[Event "Dimitrovgrad-ch"]
[Site "Dimitrovgrad"]
[Date "2012.02.24"]
[Round "7"]
[White "Plychek, Viktor"]
[Black "Abramov, Sergey"]
[Result "0-1"]
[WhiteElo "1838"]
[BlackElo "2012"]
[PlyCount "78"]
[EventDate "2012.02.19"]
[EventType "swiss"]
[EventRounds "9"]
[EventCountry "RUS"]
[SourceTitle "CBM 147 Extra"]
[Source "ChessBase"]
[SourceDate "2012.04.24"]
[SourceVersion "1"]
[SourceVersionDate "2012.04.24"]
[SourceQuality "1"]

1. c4 Nf6 2. Nc3 e6 3. e4 c5 4. d3 Nc6 5. g3 d5 6. Bg5 d4 7. Nb5 Be7 8. Nf3 a6 9. Na3 e5 10. Bg2 0-0 11. 0-0 h6 12. Bd2 Nh7 13. Nc2 f5 14. h3 fxe4 15. dxe4 Be6 16. b3 Qd7 17. Kh2 Rf7 18. Ng1 Raf8 19. Be1 b5 20. cxb5 axb5 21. f4 exf4 22. gxf4 Rxf4 23. Rxf4 Rxf4 24. Bg3 Rf8 25. Nf3 Ng5 26. Nxg5 Bxg5 27. Na3 Nb4 28. Nc2 Nxc2 29. Qxc2 c4 30. bxc4 bxc4 31. Rf1 Rxf1 32. Bxf1 d3 33. Qd1 Qd4 34. Qa4 Qxe4 35. Bxd3 Qxd3 36. Qe8+ Kh7 37. Qxe6 c3 38. Be5 Qe4 39. Qd6 c2 0-1

[Event "Dimitrovgrad-ch"]
[Site "Dimitrovgrad"]
[Date "2012.02.23"]
[Round "5"]
[White "Beldyugin, Alexey"]
[Black "Plychek, Viktor"]
[Result "1-0"]
[WhiteElo "2050"]
[BlackElo "1838"]
[PlyCount "45"]
[EventDate "2012.02.19"]
[EventType "swiss"]
[EventRounds "9"]
[EventCountry "RUS"]
[SourceTitle "CBM 147 Extra"]
[Source "ChessBase"]
[SourceDate "2012.04.24"]
[SourceVersion "1"]
[SourceVersionDate "2012.04.24"]
[SourceQuality "1"]

1. c4 Nf6 2. g3 e5 3. Bg2 c5 4. Nc3 Be7 5. Nf3 d6 6. 0-0 0-0 7. e3 Nc6 8. d4 a6 9. b3 Rb8 10. dxe5 dxe5 11. Qe2 Qc7 12. Bb2 Bg4 13. h3 Bxf3 14. Qxf3 Bd6 15. Rad1 Na7 16. g4 h6 17. h4 e4 18. Nxe4 Nxe4 19. Qxe4 Rfe8 20. Qf5 Bf8 21. Rd7 Qb6 22. Qxf7+ Kh8 23. Bd5 1-0

[Event "Dimitrovgrad Petrosian Memorial op"]
[Site "Dimitrovgrad"]
[Date "2009.06.23"]
[Round "6"]
[White "Plychek, Viktor"]
[Black "Prihodko, Ilja"]
[Result "1/2-1/2"]
[WhiteElo "1815"]
[BlackElo "1990"]
[PlyCount "114"]
[EventDate "2009.06.17"]
[EventType "swiss"]
[EventRounds "9"]
[EventCountry "RUS"]
[SourceTitle "CBM 131 Extra"]
[Source "ChessBase"]
[SourceDate "2009.09.03"]
[SourceVersion "2"]
[SourceVersionDate "2009.09.16"]
[SourceQuality "1"]

1. Nf3 d5 2. c4 c6 3. b3 Nf6 4. Bb2 Bg4 5. e3 Nbd7 6. Be2 e6 7. d4 Bd6 8. h3 Bh5 9. 0-0 0-0 10. Nc3 Bb4 11. a3 Bxc3 12. Bxc3 Ne4 13. Rc1 Nxc3 14. Rxc3 Nf6 15. Nd2 Bg6 16. Bf3 Qd6 17. Qa1 Rfe8 18. b4 e5 19. dxe5 Qxe5 20. cxd5 Nxd5 21. Bxd5 Qxd5 22. Qc1 Rad8 23. Nb3 Qg5 24. f3 f5 25. Re1 Qg3 26. Nc5 Bh5 27. Rf1 Rd6 28. Rf2 Rg6 29. e4 fxe4 30. fxe4 Qc7 31. g4 Bxg4 32. hxg4 Rxg4+ 33. Rg2 Rxg2+ 34. Kxg2 b6 35. Na6 Qc8 36. Qf1 Qg4+ 37. Rg3 Qxe4+ 38. Qf3 Qc2+ 39. Kh3 Re6 40. Qb3 Qf5+ 41. Kg2 Kh8 42. Qd3 Qxd3 43. Rxd3 h5 44. Rc3 g6 45. Nb8 c5 46. bxc5 bxc5 47. Rxc5 Rb6 48. Nd7 Ra6 49. Rc3 Kg7 50. Nc5 Ra5 51. a4 Kf6 52. Rc4 Ke5 53. Nb3 Rd5 54. Rc7 a6 55. Rc6 Rd6 56. Rc5+ Rd5 57. Rc6 Rd6 1/2-1/2

[Event "Dimitrovgrad Petrosian Memorial op"]
[Site "Dimitrovgrad"]
[Date "2009.06.21"]
[Round "4"]
[White "Beldyugin, Alexey"]
[Black "Plychek, Viktor"]
[Result "1-0"]
[WhiteElo "1994"]
[BlackElo "1815"]
[PlyCount "109"]
[EventDate "2009.06.17"]
[EventType "swiss"]
[EventRounds "9"]
[EventCountry "RUS"]
[SourceTitle "CBM 131 Extra"]
[Source "ChessBase"]
[SourceDate "2009.09.03"]
[SourceVersion "2"]
[SourceVersionDate "2009.09.16"]
[SourceQuality "1"]

1. d4 Nf6 2. c4 e6 3. Nc3 d5 4. Bg5 Be7 5. e3 b6 6. cxd5 Nxd5 7. Bxe7 Nxc3 8. Bxd8 Nxd1 9. Rxd1 Kxd8 10. Bd3 Bb7 11. Ne2 Nd7 12. 0-0 Rc8 13. Rc1 Ke7 14. b4 c6 15. Rc2 Rc7 16. Rfc1 Rhc8 17. Be4 f5 18. Bf3 g5 19. g3 Kd6 20. Nc3 Ba6 21. e4 g4 22. Bg2 h5 23. a4 Bc4 24. Rd2 a6 25. Re1 b5 26. d5 cxd5 27. exd5 e5 28. axb5 axb5 29. Ra1 Rb7 30. Nd1 f4 31. Be4 Nb6 32. Nc3 Ra8 33. Rxa8 Nxa8 34. Bg6 Rg7 35. Ne4+ Kc7 36. d6+ Kd8 37. Bxh5 Nb6 38. Nc5 f3 39. d7 Bd5 40. Rxd5 Nxd5 41. Ne6+ Kxd7 42. Nxg7 Nf6 43. h3 gxh3 44. Bxf3 e4 45. Be2 Kc6 46. Ne6 Nd5 47. Nd4+ Kb6 48. Nc2 Nc3 49. Bf1 Kc7 50. Bxh3 Kd6 51. Bf1 Ke5 52. Kg2 Kf6 53. g4 Kg5 54. Kg3 Kf6 55. Kf4 1-0

[Event "Dimitrovgrad Petrosian Memorial op"]
[Site "Dimitrovgrad"]
[Date "2009.06.19"]
[Round "3"]
[White "Plychek, Viktor"]
[Black "Abramov, Sergey"]
[Result "1-0"]
[WhiteElo "1815"]
[BlackElo "2059"]
[PlyCount "46"]
[EventDate "2009.06.17"]
[EventType "swiss"]
[EventRounds "9"]
[EventCountry "RUS"]
[SourceTitle "CBM 131 Extra"]
[Source "ChessBase"]
[SourceDate "2009.09.03"]
[SourceVersion "2"]
[SourceVersionDate "2009.09.16"]
[SourceQuality "1"]

1. Nf3 d5 2. c4 e6 3. b3 c6 4. Bb2 Nf6 5. g3 Qb6 6. cxd5 cxd5 7. Bg2 Be7 8. 0-0 0-0 9. Nc3 Nc6 10. Rc1 Ne4 11. a3 f5 12. Na4 Qd8 13. b4 Bd7 14. d3 Ng5 15. Nd2 b6 16. Qb3 Qe8 17. Nc3 Rc8 18. f4 Nf7 19. e4 Nd4 20. Qd1 dxe4 21. dxe4 Nb5 22. exf5 exf5 23. Nd5 Bf6 1-0

[Event "Dimitrovgrad op"]
[Site "Dimitrovgrad"]
[Date "2008.08.07"]
[Round "4"]
[White "Plychek, Viktor"]
[Black "Umanski, Anatoli"]
[Result "1-0"]
[WhiteElo "1810"]
[BlackElo "1897"]
[PlyCount "51"]
[EventDate "2008.08.05"]
[EventType "swiss"]
[EventRounds "9"]
[EventCountry "RUS"]
[SourceTitle "EXT 2022"]
[Source "ChessBase"]
[SourceDate "2021.10.06"]
[SourceVersion "1"]
[SourceVersionDate "2021.10.06"]
[SourceQuality "1"]

1. Nf3 Nf6 2. c4 b6 3. g3 Bb7 4. Bg2 d6 5. d4 Nbd7 6. Nc3 e5 7. d5 Be7 8. 0-0 0-0 9. Re1 c6 10. e4 Rc8 11. h3 a6 12. a4 Ne8 13. Nh2 f5 14. exf5 Rxf5 15. dxc6 Bxc6 16. Bxc6 Rxc6 17. Qd5+ Kh8 18. Qxc6 Nc5 19. Be3 Rf8 20. b4 Nd7 21. Nd5 Nef6 22. Nxb6 Nb8 23. Qg2 Qc7 24. Rac1 Nc6 25. Nd5 Nxd5 26. cxd5 1-0

[Event "Dimitrovgrad Petrosian Memorial op"]
[Site "Dimitrovgrad"]
[Date "2008.06.05"]
[Round "4"]
[White "Lebedev, Viktor1"]
[Black "Plychek, Viktor"]
[Result "0-1"]
[WhiteElo "2035"]
[BlackElo "1730"]
[PlyCount "113"]
[EventDate "2008.06.01"]
[EventType "swiss"]
[EventRounds "9"]
[EventCountry "RUS"]
[SourceTitle "CBM 124 Extra"]
[Source "ChessBase"]
[SourceDate "2008.07.03"]
[SourceVersion "1"]
[SourceVersionDate "2008.07.03"]
[SourceQuality "1"]

1. d4 Nf6 2. Nf3 g6 3. Bg5 Bg7 4. c3 0-0 5. e3 e6 6. Be2 d5 7. 0-0 Nbd7 8. Nbd2 c5 9. dxc5 Nxc5 10. Nb3 b6 11. Ne5 Qc7 12. Bf4 Qb7 13. Bf3 Nfe4 14. Qc2 f6 15. Nd3 e5 16. Bg3 Nxg3 17. hxg3 e4 18. Ndxc5 bxc5 19. Be2 c4 20. Nd4 Rb8 21. Rab1 f5 22. b3 cxb3 23. axb3 Bxd4 24. exd4 Be6 25. c4 Qc7 26. c5 Rb4 27. Ra1 Rfb8 28. Ra3 Rxd4 29. Rfa1 Rdb4 30. Rxa7 Qe5 31. c6 d4 32. Bc4 Bxc4 33. bxc4 Qc5 34. c7 Rc8 35. Qd2 Rxc4 36. Qg5 Qf8 37. Qf4 Qe7 38. Rc1 Rc5 39. Rb7 Kg7 40. Qd2 Rxc1+ 41. Qxc1 Qd6 42. g4 f4 43. Qc4 d3 44. Qc3+ Kh6 45. g5+ Kxg5 46. Rb5+ Kh6 47. Qd2 Rxc7 48. Rb2 Ra7 49. g3 g5 50. gxf4 gxf4 51. Rb1 Qf6 52. Qc1 Ra2 53. Kf1 Rc2 54. Qa3 Qf5 55. Qa4 Qh3+ 56. Kg1 Qg4+ 57. Kf1 0-1

[Event "Dimitrovgrad Petrosian Memorial op"]
[Site "Dimitrovgrad"]
[Date "2008.06.01"]
[Round "1"]
[White "Plychek, Viktor"]
[Black "Predke, Alexandr"]
[Result "1-0"]
[WhiteElo "1730"]
[BlackElo "2164"]
[PlyCount "129"]
[EventDate "2008.06.01"]
[EventType "swiss"]
[EventRounds "9"]
[EventCountry "RUS"]
[SourceTitle "CBM 124 Extra"]
[Source "ChessBase"]
[SourceDate "2008.07.03"]
[SourceVersion "1"]
[SourceVersionDate "2008.07.03"]
[SourceQuality "1"]

1. c4 Nf6 2. Nc3 e6 3. e4 d6 4. g3 c5 5. Bg2 Nc6 6. d3 g6 7. Nge2 Bg7 8. 0-0 0-0 9. h3 Ne8 10. Kh2 Nc7 11. a4 a6 12. Be3 Nd4 13. f4 Rb8 14. Rb1 b5 15. axb5 axb5 16. Bxd4 cxd4 17. Na2 b4 18. Nac1 Na6 19. Nb3 Qb6 20. Qd2 Bd7 21. Ra1 Nc5 22. Nxc5 dxc5 23. b3 Ra8 24. Qb2 e5 25. Ra2 Rxa2 26. Qxa2 Bc6 27. Ra1 f5 28. exf5 Bxg2 29. Kxg2 Qc6+ 30. Kf2 e4 31. fxg6 exd3 32. gxh7+ Kh8 33. Ng1 Re8 34. Re1 Rxe1 35. Kxe1 Qe4+ 36. Kf1 Qe3 37. Qa8+ Kxh7 38. Qf3 Bf6 39. Qh5+ Kg7 40. Qg4+ Kh6 41. f5 Qe8 42. Qg6+ Qxg6 43. fxg6 Kxg6 44. Nf3 Kf5 45. Nd2 Bg5 46. Ke1 Be3 47. Nf3 Ke4 48. Nd2+ Kf5 49. Kd1 Bf2 50. g4+ Kf4 51. g5 Bh4 52. g6 Bf6 53. h4 Bg7 54. h5 Bf8 55. Ke1 Bh6 56. Kf2 Kf5 57. Nf3 Bg7 58. Nd2 Bf8 59. Kf3 Bh6 60. Ne4 d2 61. Nxd2 Bf8 62. Ne4 Bh6 63. Nxc5 Kg5 64. Ne6+ Kxh5 65. g7 1-0